000 00492nam a22001697a 4500
003 MPLRDC
005 20220104143120.0
008 210129b ||||| |||| 00| 0 eng d
082 _a524.9161 DZ v.1
100 _a马来西亚华文独立中学统一课程编委会编纂
245 _a生物. 上册
_c
260 _a马来西亚
_b马来亚文化事业有限公
_c
300 _b254
490 _a高级中学适用
650 _a中等教育--高中生物
942 _cBK
_o524.9161 DZ v.1
999 _c36775
_d36765